Con Wilson ... anotaciones, artistadas e incidentes : (Record no. 912)
[ view plain ]
| 000 -LEADER | |
|---|---|
| campo de control de longitud fija | 01378nam a22002417a 4500 |
| 008 - DATOS DE LONGITUD FIJA--INFORMACIÓN GENERAL | |
| campo de control de longitud fija | 160525b xxu||||| |||| 00| 0 eng d |
| 020 ## - NÚMERO INTERNACIONAL ESTÁNDAR DEL LIBRO | |
| Número Internacional Estándar del Libro | 9789587531169 |
| 020 ## - NÚMERO INTERNACIONAL ESTÁNDAR DEL LIBRO | |
| Número Internacional Estándar del Libro | 9587531167 |
| 082 ## - NÚMERO DE LA CLASIFICACIÓN DECIMAL DEWEY | |
| Número de clasificación | 708 |
| Número de ítem | B265c |
| 100 ## - ENTRADA PRINCIPAL--NOMBRE DE PERSONA | |
| Nombre de persona | María Sol Barón Pino, Camilo Ordónez Robayo |
| 9 (RLIN) | 5001 |
| 110 ## - ENTRADA PRINCIPAL--NOMBRE DE ENTIDAD CORPORATIVA | |
| Nombre de entidad corporativa o nombre de jurisdicción como elemento de entrada | Equipo TRansHisTor(ia) / Colombia. Ministerio de Cultura.; Colombia. Ministerio de Cultura. Programa Nacional de Estímulos |
| 9 (RLIN) | 5002 |
| 245 ## - MENCIÓN DEL TÍTULO | |
| Título | Con Wilson ... anotaciones, artistadas e incidentes : |
| Resto del título | Equipo TRansHisTor(ia), María Sol Barón Pino, Camilo Ordónez Robayo |
| Mención de responsabilidad, etc. | María Sol Barón Pino, Camilo Ordónez Robayo |
| 260 ## - PUBLICACIÓN, DISTRIBUCIÓN, ETC. | |
| Lugar de publicación, distribución, etc. | Bogotá |
| Nombre del editor, distribuidor, etc. | Ministerio de Cultura |
| Fecha de publicación, distribución, etc. | 2013 |
| 300 ## - DESCRIPCIÓN FÍSICA | |
| Extensión | 430 pág |
| Otras características físicas | ill |
| Dimensiones | 23 cm. |
| 440 ## - MENCIÓN DE SERIE/PUNTO DE ACCESO ADICIONAL--TÍTULO | |
| Designación de volumen o secuencia | Colección artistas colombianos, 3 |
| 9 (RLIN) | 5003 |
| 505 ## - NOTA DE CONTENIDO CON FORMATO | |
| Título | Introducción |
| -- | Anotaciones (imágenes pintadas) |
| -- | Artistas (acciones y declaraciones) |
| -- | Incidentes (La tierra Caliente) |
| -- | Cronologia |
| -- | Bibliografia |
| 600 ## - PUNTO DE ACCESO ADICIONAL DE MATERIA--NOMBRE DE PERSONA | |
| Nombre de persona | Equipo TransHistor(ia) |
| 9 (RLIN) | 5004 |
| 610 ## - PUNTO DE ACCESO ADICIONAL DE MATERIA--NOMBRE DE ENTIDAD CORPORATIVA | |
| Nombre de entidad corporativa o nombre de jurisdicción como elemento de entrada | Colombia. Ministerio de Cultura.; Colombia. Ministerio de Cultura. Programa Nacional de Estímulos |
| 9 (RLIN) | 5005 |
| 650 ## - PUNTO DE ACCESO ADICIONAL DE MATERIA--TÉRMINO DE MATERIA | |
| Término de materia o nombre geográfico como elemento de entrada | Wilson Diaz - Exhibiciones |
| Subdivisión de forma | Arte Colombiano |
| 9 (RLIN) | 5006 |
| 700 ## - ENTRADA AGREGADA--NOMBRE PERSONAL | |
| Nombre de persona | María Sol Barón Pino |
| 9 (RLIN) | 5007 |
| 700 ## - ENTRADA AGREGADA--NOMBRE PERSONAL | |
| Nombre de persona | Camilo Ordónez Robayo |
| 9 (RLIN) | 5008 |
| 710 ## - ENTRADA AGREGADA--NOMBRE DE ENTIDAD CORPORATIVA | |
| Nombre de entidad corporativa o nombre de jurisdicción como elemento de entrada | Equipo TRansHisTor(ia) / Colombia. Ministerio de Cultura.; Colombia. Ministerio de Cultura. Programa Nacional de Estímulos |
| 9 (RLIN) | 5009 |
| Estatus retirado | Estado de pérdida | Fuente del sistema de clasificación o colocación | Estado de daño | No para préstamo | Biblioteca de origen | Biblioteca actual | Ubicación en estantería | Fecha de adquisición | Total de préstamos | Signatura topográfica completa | Código de barras | Visto por última vez | Precio de reemplazo | Tipo de ítem Koha |
|---|---|---|---|---|---|---|---|---|---|---|---|---|---|---|
| Clasificación Decimal Dewey | Biblioteca LadoV | Biblioteca LadoV | 25/05/2016 | 708 B265c | 004192 | 25/05/2016 | 25/05/2016 | Material 01 |
